| 000 | 00522nam a22001817a 4500 | ||
|---|---|---|---|
| 003 | CEME | ||
| 005 | 20210628202744.0 | ||
| 008 | 210122b xxu||||| |||| 00| 0 eng d | ||
| 020 | _a0-7506-7970-0 | ||
| 040 | _cceme | ||
| 082 | _a621.381044 MAN | ||
| 100 |
_aManiktala, Sanjaya _961449 |
||
| 245 | _aSwitching power supplies a to z | ||
| 260 |
_aNEW YORK _bNEWNES _c2006 |
||
| 300 | _aXVIII,503 P | ||
| 650 |
_aELECTRIC CURRENT CONVENTERS, ELECTRONIC APPARATUS AND APPLIANCES - POWER SUPPLY _961450 |
||
| 942 |
_cBK _2ddc |
||
| 999 |
_c570896 _d570896 |
||